Historia de la medicina /
Historia de la medicina que cubre la época prehistórica, primitiva, la antigüedad, la Edad Media, el renacimiento, el barroco, el siglo XIX y la época moderna, así como una idea del futuro de la medicina.
Guardado en:
| Hovedforfatter: | |
|---|---|
| Format: | Bog |
| Sprog: | spansk |
| Udgivet: |
México :
Patria,
1952, c1952
|
| Serier: | (Cultura para Todos ;
7) |
| Fag: | |
| Tags: |
Ingen Tags, Vær først til at tagge denne postø!
|
MARC
| LEADER | 00000nam^a2200000^a^4500 | ||
|---|---|---|---|
| 001 | 000111616 | ||
| 005 | 20250521000000.0 | ||
| 009 | 20260310093837.143 | ||
| 037 | |a Acervo ITESO - Biblioteca | ||
| 041 | |a ESP | ||
| 082 | |a 610. 9 |b SOM | ||
| 100 | |a Somolinos d'Ardois, Germán |e (autor) | ||
| 245 | 1 | 0 | |a Historia de la medicina / |c G. Somolinos d'Ardois. |
| 264 | 4 | |a México : |b Patria, |c 1952, c1952 | |
| 300 | |a 143 p. | ||
| 336 | |a texto |b txt |2 rdacontenido | ||
| 337 | |a sin mediación |b n |2 rdamedio | ||
| 338 | |a volumen |b nc |2 rdasoporte | ||
| 440 | 1 | |a (Cultura para Todos ; |v 7) | |
| 520 | |a Historia de la medicina que cubre la época prehistórica, primitiva, la antigüedad, la Edad Media, el renacimiento, el barroco, el siglo XIX y la época moderna, así como una idea del futuro de la medicina. | ||
| 649 | |a XX | ||
| 650 | |a Medicina Antigua | ||
| 650 | |a Medicina - |x Historia | ||
| 650 | |a Ciencias Médicas - |x Historia | ||
| 650 | |a Ciencia - |x Historia | ||
| 650 | |a Historia Universal | ||
| 910 | |a Fondo Salvador Reynoso Reynoso | ||
| 920 | |a Impresos - Libros | ||
| 930 | |a Fondos Especiales | ||
| 905 | |a 112 | ||
| 901 | |a 0800001061 |b IT2 |c ESP |u 20250521 | ||
| 902 | |a https://opac.biblio.iteso.mx/vufind/Record/000111616 | ||